000
00318nam a22001457a 4500
008
230508b ||||| |||| 00| 0 eng d
020
_a
9780077602765
041
_a
eng
080
_a
338GAR
082
_a
338GAR
100
_a
24
101
_a
MENAXH
245
_a
MANAGERIAL ACCOUNTING
_c
GARRISON
942
_2
udc
_c
BK
999
_c
59678
_d
59678